| 000 | 00818nac a22002291u 4500 | ||
|---|---|---|---|
| 010 | _a 91040560 | ||
| 020 | _a0070041288 : | ||
| 022 | _a0071129669 | ||
| 082 | 0 | 0 |
_a363.348 _bBAT |
| 090 |
_c5554 _d5554 |
||
| 100 | _aBates, Regis J. | ||
| 245 | 1 | 0 |
_aDisaster recovery planning : _bnetworks, telecommunications, and data communications / _cRegis J. Bates, Jr. |
| 260 |
_aNew York : _bMcGraw-Hill,c1992. _cc1992. |
||
| 300 |
_axv, 157 p. : _bill. ; _c24 cm. |
||
| 440 | 0 | _aJ. Ranade series on computer communications | |
| 500 | _aIncludes index. | ||
| 500 | _aDistributer : Al-Ahram. | ||
| 511 | _aCatalogued By : Mahitab. | ||
| 650 | 0 |
_aTelecommunication systems _xSecurity measures _xPlanning. |
|
| 650 | 0 |
_aEmergency management _xPlanning. |
|
| 942 |
_cBB _k363.348BAT |
||
| 999 |
_c5554 _d5554 |
||